000 00367nam a22001217a 4500
999 _c9955
_d9955
003 OSt
008 201217b ||||| |||| 00| 0 eng d
245 _aM. M. University Journal of Management Practices
250 _a2010(Dec Vol.4 No.1-2) 2011(Jun Vol.5 No.1)
260 _aMullana, Haryana
_bMaharishi Markandeshwar University
650 _aManagement
942 _2ddc
_cBV